Felvidéki ujság politikai napilap
Uložené v:
| Médium: | Mikrofilm |
|---|---|
| Jazyk: | Hungarian |
| Vydané: |
Košice :
János Bárczay,
1939-1945
|
| Témy: | |
| Fyzický popis: |
zv. ; 52x34 cm |
| Tagy: |
Pridať tag
Žiadne tagy, Buďte prvý kto otaguje tento záznam!
|
Titul je dostupný aj v ... 

MARC
| LEADER | 00000nas a2200000 a 4500 | ||
|---|---|---|---|
| 001 | 000313607 | ||
| 003 | SVKK | ||
| 005 | 20050329135651.0 | ||
| 007 | hc|afccafXXcc | ||
| 007 | hd|afddafXXdd | ||
| 008 | 021125d19391945xo r|p||| |0 a0huno | ||
| 040 | |a BA001 |b slo | ||
| 080 | |a 33 |2 2002 | ||
| 080 | |a 008 |2 2002 | ||
| 080 | |a 796 |2 2002 | ||
| 245 | 0 | 0 | |a Felvidéki ujság |h [Mikrodokument] : |b politikai napilap |
| 260 | |a Košice : |b János Bárczay, |c 1939-1945 |f (Atheneum) | ||
| 300 | |a zv. ; |c 52x34 cm | ||
| 310 | |a Denník | ||
| 362 | 0 | |a Évf. 2, sz. 1 (1939)-évf. 8, sz. 15 (17. jan. 1945) | |
| 500 | |a Okrem politického zpravodajstva uverejňoval materiály z kultúrneho života, z národ. hospodárstva | ||
| 500 | |a Mal drobné zprávy, venoval pozornosť športovému životu a mal rubriku Rádio | ||
| 500 | |a Príloha vychádzala 1x týždenne | ||
| 500 | |a Vydavateľ J. Bárczay do č. 49(1939); do č. 228(1939) vyd.: József Szeley; od č. 48(1943) vyd.: Brunó Rainer | ||
| 653 | 0 | |a politika | |
| 653 | 0 | |a kultúra | |
| 653 | 0 | |a hospodárstvo | |
| 653 | 0 | |a šport | |
| 770 | |t Felvidéki ujság képes híradója | ||
| 910 | |a KE001 |b MFL.233,MFL.245,MFL.250, MFL.502-MFL.503 |p r.1938, 1939, 1944 neúplné |r 1938,1939,1944 | ||
| 974 | |a vel |d 20040709 | ||
| 998 | |a SE | ||
| 090 | |g CASOS |k Sklad Mikrofilmov |a MFL.233 |j 233 |i 313607-10 |7 Mikrofilm |s Prezenčne | ||
| 090 | |g CASOS |k Sklad Mikrofilmov |a MFL.245 |j 245 |i 313607-20 |7 Mikrofilm |s Prezenčne | ||
| 090 | |g CASOS |k Sklad Mikrofilmov |a MFL.250 |j 250 |i 313607-30 |7 Mikrofilm |s Prezenčne | ||
| 090 | |g CASOS |k Sklad Mikrofilmov |a MFL.502 |j 502 |i 313607-40 |7 Mikrofilm |s Prezenčne | ||
| 090 | |g CASOS |k Sklad Mikrofilmov |a MFL.503 |j 503 |i 313607-50 |7 Mikrofilm |s Prezenčne | ||